| 000 | 00606nam a22002057a 4500 | ||
|---|---|---|---|
| 003 | OSt | ||
| 005 | 20250226200213.0 | ||
| 008 | 250226b |||||||| |||| 00| 0 eng d | ||
| 020 | _a0395200385 | ||
| 040 | _cCENTRAL UNIVERSITY LIBRARY | ||
| 100 | _aSWEETNEY THOMAS. J. | ||
| 245 |
_aGUIDANCE MONOGRAPH SERIES _bTHEORIES OF COUNSELING AND PSYCHOTHERAPY. ADLERIN COUNSELING |
||
| 250 | _aSERIES VIII | ||
| 260 |
_aATLANTA, USA _bHOUGHTON MIFFLIN COMPANY _c1975 |
||
| 300 |
_axiii, 112 pages _c22.5 cm |
||
| 490 | _3COUNSELING | ||
| 500 | _aIncludes index | ||
| 600 | _2COUNSELING | ||
| 942 |
_2lcc _cBK _n0 |
||
| 999 |
_c4394 _d4394 |
||